عرض عادي
عرض مارك
- السيد، إبراهيم جابر
مدخل إسم شخص
001 - رقم الضبط
- حقل الضبط: 87795
003 - معرف رقم الضبط
- حقل الضبط: OSt
005 - تاريخ ووقت أخر عملية
- حقل الضبط: 20200929175528.0
008 - عناصر بيانات ثابتة الطول
- حقل تحكم ثابت الطول: 200929|| aca||aabn | a|a d
040 ## - مصدر الفهرسة
- هيئة الفهرسة الأصلية: OSt
- وكالة الكتابة: OSt
100 ## - مدخل -- أسم شخص
- إسم شخص: السيد، إبراهيم جابر
670 ## - بيانات المصدر موجوده
- الاستشهاد بالمصدر: Work cat.: (OSt)79282: محمد، رؤوف عبد السلام السيد مؤلف. 87792, دوريات المكتبات والمعلومات المتاحة /
